000 00587nam a22002177a 4500
003 UA-OsUOA
001 118012
007 ta
008 20160704b un ||||| |||| 00| 0 ukr d
100 _aПуніна О.
090 _a82
_bП88
942 _cSA
040 _aUA-OsUOA
_bukr
_cUA-OsUOA
_dUA-OsUOA
245 _aХудожній потенціал сценарного тексту Василя Стуса
300 _aС.48-57
955 _a0
041 _aukr
080 _a82
773 0 _w118009
650 7 _a82 Література. Літературознавство
_2UDC
999 _c404054
_d404054